Phương pháp mô phỏng monte carlo để giải phương trình vi phân : Luận văn Thạc sĩ Toán học. Chuyên ngành: Lý thuyết xác suất và Thống kê toán

Đề tài trình bày các bước để giải bài toán mô phỏng, các phương pháp mô phỏng đại lượng ngẫu nhiên, mô phỏng một số đại lượng ngẫu nhiên, khìa niệm phương trình vi phân ngẫu nhiên, điều kiện tồn tại duy nhất nghiệm, khai triển Itô ng...

תיאור מלא

שמור ב:
מידע ביבליוגרפי
מחבר ראשי: Trần, Minh Tâm
פורמט: ספר
שפה:Undetermined
יצא לאור: Cần Thơ Trường Đại học Cần Thơ 2010
נושאים:
תגים: הוספת תג
אין תגיות, היה/י הראשונ/ה לתייג את הרשומה!
Thư viện lưu trữ: Trung tâm Học liệu Trường Đại học Cần Thơ
LEADER 01312nam a2200217Ia 4500
001 CTU_161703
008 210402s9999 xx 000 0 und d
082 |a 519.282 
082 |b T120 
088 |a 604615 
100 |a Trần, Minh Tâm 
245 0 |a Phương pháp mô phỏng monte carlo để giải phương trình vi phân : 
245 0 |b Luận văn Thạc sĩ Toán học. Chuyên ngành: Lý thuyết xác suất và Thống kê toán 
245 0 |c Trần Minh Tâm; Dương Tôn Đảm ( Hướng dẫn Khoa học ) 
260 |a Cần Thơ 
260 |b Trường Đại học Cần Thơ 
260 |c 2010 
520 |a Đề tài trình bày các bước để giải bài toán mô phỏng, các phương pháp mô phỏng đại lượng ngẫu nhiên, mô phỏng một số đại lượng ngẫu nhiên, khìa niệm phương trình vi phân ngẫu nhiên, điều kiện tồn tại duy nhất nghiệm, khai triển Itô ngẫu nhiên,... 
650 |a Toán thống kê,Stochastic differential equations,Phương trình vi phân ngẫu nhiên,Mathematical statistics 
904 |i Nhớ, Hồng 
980 |a Trung tâm Học liệu Trường Đại học Cần Thơ